[Event "Pereyra Puebla Memorial 02nd"]
[Site "Mendoza"]
[Date "2003.12.09"]
[Round "5"]
[White "Luconi, Cristian"]
[Black "Panno, Oscar"]
[Result "1/2-1/2"]
[WhiteElo "2254"]
[BlackElo "2485"]
[PlyCount "63"]
[EventDate "2003.12.06"]
[EventType "swiss"]
[EventRounds "9"]
[EventCountry "ARG"]
[SourceTitle "CBM 097 Extra"]
[Source "ChessBase"]
[SourceDate "2004.01.13"]
[SourceVersion "1"]
[SourceVersionDate "2004.01.13"]
[SourceQuality "1"]

1. d4 g6 2. Nf3 Bg7 3. c3 d6 4. Bg5 Nd7 5. Nbd2 Ngf6 6. e4 h6 7. Bh4 g5 8. Bg3 Nh5 9. Bc4 e6 10. Qe2 Qe7 11. 0-0-0 a6 12. Ne1 Nxg3 13. hxg3 b5 14. Bd3 c5 15. dxc5 Nxc5 16. Bc2 Qc7 17. Nd3 Bb7 18. Nxc5 Qxc5 19. Nb3 Qb6 20. f4 0-0-0 21. Kb1 Kb8 22. Qd2 gxf4 23. gxf4 e5 24. fxe5 dxe5 25. Qe2 Bc8 26. Nd2 b4 27. cxb4 Qxb4 28. Qc4 Qxc4 29. Nxc4 Be6 30. Ne3 Rd4 31. Rxd4 exd4 32. Nf5 1/2-1/2

[Event "Pereyra Puebla Memorial 02nd"]
[Site "Mendoza"]
[Date "2003.12.07"]
[Round "3"]
[White "Aguilar, Mauricio"]
[Black "Panno, Oscar"]
[Result "0-1"]
[WhiteElo "2140"]
[BlackElo "2485"]
[PlyCount "66"]
[EventDate "2003.12.06"]
[EventType "swiss"]
[EventRounds "9"]
[EventCountry "ARG"]
[SourceTitle "CBM 097 Extra"]
[Source "ChessBase"]
[SourceDate "2004.01.13"]
[SourceVersion "1"]
[SourceVersionDate "2004.01.13"]
[SourceQuality "1"]

1. e4 c5 2. Nf3 Nc6 3. d4 cxd4 4. Nxd4 Qb6 5. Nb3 Nf6 6. Nc3 e6 7. Be3 Qc7 8. f3 Bb4 9. Bd2 0-0 10. Bd3 d5 11. 0-0 dxe4 12. fxe4 Ne5 13. Bg5 Be7 14. Qe2 a6 15. Bf4 Bd6 16. Rad1 b6 17. Bg5 Be7 18. Bf4 Bb7 19. Rfe1 Bd6 20. h3 Nf3+ 21. Qxf3 Bxf4 22. Ne2 Be5 23. c3 Nd7 24. Qh5 g6 25. Qh4 Rfd8 26. Nbd4 Bg7 27. Rf1 Ne5 28. Ng3 Nxd3 29. Rxd3 e5 30. Ndf5 Rxd3 31. Nh5 gxf5 32. Nxg7 Qd8 33. Qh6 Rd6 0-1

[Event "Vicente Lopez Magistral 6th"]
[Site "Vicente Lopez"]
[Date "2003.08.04"]
[Round "11"]
[White "Valerga, Diego"]
[Black "Panno, Oscar"]
[Result "1-0"]
[WhiteElo "2496"]
[BlackElo "2480"]
[PlyCount "69"]
[EventDate "2003.07.24"]
[EventType "tourn"]
[EventRounds "11"]
[EventCountry "ARG"]
[EventCategory "7"]
[SourceTitle "CBM 095 Extra"]
[Source "ChessBase"]
[SourceDate "2003.09.04"]
[SourceVersion "1"]
[SourceVersionDate "2003.09.04"]
[SourceQuality "1"]

1. e4 c5 2. Nf3 Nc6 3. d4 cxd4 4. Nxd4 Qb6 5. Nb3 Nf6 6. Nc3 e6 7. Qe2 Qc7 8. g4 d6 9. Bd2 a6 10. 0-0-0 b5 11. Bg2 Be7 12. f4 b4 13. Na4 0-0 14. g5 Nd7 15. Qf2 Rb8 16. Kb1 Re8 17. h4 Bf8 18. h5 Ne7 19. Nd4 e5 20. fxe5 Nxe5 21. b3 a5 22. Bf4 N7c6 23. Nf5 Nd8 24. Ne3 Qa7 25. Qg3 Ne6 26. Bxe5 dxe5 27. h6 Nf4 28. hxg7 Bxg7 29. Nf5 Ng6 30. Qh2 Nf8 31. Rd3 Qf2 32. Rf3 Qd2 33. Nxg7 Kxg7 34. Qh6+ Kg8 35. Rxf7 1-0